Consultation exercise (Record no. 105794)

MARC details
000 -LEADER
fixed length control field 00949cam a2200205 4500
001 - CONTROL NUMBER
control field ##L134738
008 - FIXED-LENGTH DATA ELEMENTS--GENERAL INFORMATION
fixed length control field 060830n2006 000 0 eng u
035 ## - SYSTEM CONTROL NUMBER
System control number (Sirsi) u134738
041 0# - LANGUAGE CODE
Language code of text/sound track or separate title eng
050 04 - LIBRARY OF CONGRESS CALL NUMBER
Classification number 692.3 $2 18
110 2# - MAIN ENTRY--CORPORATE NAME
Corporate name or jurisdiction name as entry element Royal Institution of Chartered Surveyors
9 (RLIN) 4900
245 00 - TITLE STATEMENT
Title Consultation exercise
Remainder of title Code of measuring practice 6th edition
260 ## - PUBLICATION, DISTRIBUTION, ETC.
Place of publication, distribution, etc. London
Name of publisher, distributor, etc. RICS
Date of publication, distribution, etc. 2006
520 ## - SUMMARY, ETC.
Summary, etc. Sets out the background to proposed revisions to the "Code of measuring practice" (ISBN 1842190601) which are incorporated in a consultation draft. Proposed changes include amendments to the introduction, as well as to definitions and diagrams. Comments are required by 6 October 2006.
590 ## - LOCAL NOTE (RLIN)
Local note IKA050906
650 24 - SUBJECT ADDED ENTRY--TOPICAL TERM
Topical term or geographic name entry element RICS CODE OF MEASURING PRACTICE
690 ## - LOCAL SUBJECT ADDED ENTRY--TOPICAL TERM (OCLC, RLIN)
Topical term or geographic name as entry element PROPERTY-PROPERTY VALUATION AND APPRAISAL
856 40 - ELECTRONIC LOCATION AND ACCESS
Uniform Resource Identifier <a href="https://www.rics.org/RICSWEB/getpage.aspx?p=mbtYSJxw40eSjS_sT7kGyQ">https://www.rics.org/RICSWEB/getpage.aspx?p=mbtYSJxw40eSjS_sT7kGyQ</a>
Public note No longer available
942 ## - ADDED ENTRY ELEMENTS (KOHA)
Suppress in OPAC 0
Source of classification or shelving scheme Dewey Decimal Classification
Holdings
Withdrawn status Lost status Source of classification or shelving scheme Damaged status Not for loan Home library Current library Shelving location Date acquired Total Checkouts Full call number Barcode Date last seen Copy number Price effective from Koha item type
    Dewey Decimal Classification     Virtual Virtual Missing 30/08/2006   ONLINE PUBLICATION 134738-1001 06/08/2019 1 06/08/2019 Book